Methodologies For Practice Research : Approaches For Professional Doctorates (Record no. 43456)

MARC details
000 -LEADER
fixed length control field 00922nam a22003135i 4500
001 - CONTROL NUMBER
control field 20498456
005 - DATE AND TIME OF LATEST TRANSACTION
control field 20250328104950.0
008 - FIXED-LENGTH DATA ELEMENTS--GENERAL INFORMATION
fixed length control field 180516s2018 cau 000 0 eng
010 ## - LIBRARY OF CONGRESS CONTROL NUMBER
LC control number 2018944687
020 ## - INTERNATIONAL STANDARD BOOK NUMBER
International Standard Book Number 9781473991606 (pbk.)
020 ## - INTERNATIONAL STANDARD BOOK NUMBER
International Standard Book Number 9781473991590 (hardback)
041 ## - LANGUAGE CODE
Language code of text/sound track or separate title eng
042 ## - AUTHENTICATION CODE
Authentication code pcc
082 ## - DEWEY DECIMAL CLASSIFICATION NUMBER
Classification number 370.72 COS
100 ## - MAIN ENTRY--PERSONAL NAME
Author Costley, Carol
245 00 - TITLE STATEMENT
Title Methodologies For Practice Research : Approaches For Professional Doctorates
260 ## - PUBLICATION, DISTRIBUTION, ETC.
Place London
Publisher Sage Publication
Publication Year 2019
300 ## - PHYSICAL DESCRIPTION
Extent 253;. P: 24 cm
650 ## - SUBJECT ADDED ENTRY--TOPICAL TERM
Subject Education; Research; Methodology
700 ## - ADDED ENTRY--PERSONAL NAME
Co-Author Fulton, John
942 ## - ADDED ENTRY ELEMENTS (KOHA)
Koha item type Books
263 ## - PROJECTED PUBLICATION DATE
Projected publication date 1812
264 #1 - PRODUCTION, PUBLICATION, DISTRIBUTION, MANUFACTURE, AND COPYRIGHT NOTICE
Place of production, publication, distribution, manufacture Thousand Oaks, CA :
Name of producer, publisher, distributor, manufacturer SAGE Publications,
Date of production, publication, distribution, manufacture, or copyright notice 2018.
336 ## - CONTENT TYPE
Content type term text
Content type code txt
Source rdacontent
337 ## - MEDIA TYPE
Media type term unmediated
Media type code n
Source rdamedia
338 ## - CARRIER TYPE
Carrier type term volume
Carrier type code nc
Source rdacarrier
906 ## - LOCAL DATA ELEMENT F, LDF (RLIN)
a 0
b ibc
c orignew
d 2
e epcn
f 20
g y-gencatlg
Holdings
Withdrawn status Lost status Source of classification or shelving scheme Damaged status Not for loan Home library Current library Shelving location Accession Date Vendor Price Bill number Total Checkouts Full call number Barcode No Date last seen Discount Bill Date Koha item type Suggested By
    Dewey Decimal Classification     IMTN IMTN Rack 17-B 03/24/2025 Raghav Books Private Limited 4450.89 2374   370.72 COS 33747 03/28/2025 33 02/14/2025 Books Dr. Veena Pailwar
Designed & Maintained by: LRC IMT Nagpur Contact: lrc@imtnag.ac.in© 2024. All Rights Reserved.